Προσεγγίσεις της εκπαίδευσης από απόσταση στην τριτοβάθμια εκπαίδευση
Saved in:
| Corporate Author: | |
|---|---|
| Other Authors: | , |
| Format: | Book |
| Language: | Greek |
| Published: |
Κρήτη :
ΤΕΙ Κρήτης - Γενικό Τμήμα Θετικών Επιστημών,
c2006.
|
| Subjects: | |
| Tags: |
Add Tag
No Tags, Be the first to tag this record!
|
MARC
| LEADER | 00000cam a2200000 i 4500 | ||
|---|---|---|---|
| 001 | 1/40142 | ||
| 008 | 070119s2006 gr | ||| |||| ||gre|| | ||
| 020 | |a 9606622960 | ||
| 020 | |a 9789606622960 | ||
| 035 | |l 10086759 | ||
| 040 | |a GR-MY-UA |b gre |e aacr | ||
| 041 | 0 | |a gre | |
| 082 | 7 | |a 371.358 |2 (22) | |
| 245 | 0 | 0 | |a Προσεγγίσεις της εκπαίδευσης από απόσταση στην τριτοβάθμια εκπαίδευση / |c επιμέλεια: Κώστας Βασιλάκης, Μιχάλης Καλογιαννάκης ; Τεχνολογικό Εκπαιδευτικό Ίδρυμα Κρήτης. |
| 260 | |a Κρήτη : |b ΤΕΙ Κρήτης - Γενικό Τμήμα Θετικών Επιστημών, |c c2006. | ||
| 300 | |a 290 σ. : |b εικ. ; |c 23 εκ. | ||
| 504 | |a Πριλαμβάνει βιβλιογραφίες. | ||
| 650 | 0 | 0 | |a Distance education |z Greece. |
| 650 | 0 | 0 | |a Internet in education |z Greece. |
| 700 | 1 | |a Βασιλάκης, Κώστας, |e edt | |
| 700 | 1 | |a Καλογιαννάκης, Μιχάλης, |e edt | |
| 710 | 2 | |a Τεχνολογικό Εκπαιδευτικό Ίδρυμα Κρήτης |b Γενικό Τμήμα Θετικών Επιστημων. | |
| 852 | |a INST |b LESVOS |e 20070712 |h 371.358 ΠΡΟ |p 005100037263 |q 005100037263 |t BK |y 0 | ||
| 852 | |a INST |b RHODES |e 20070119 |h 371.358 ΠΡΟ |p 005400027130 |q 005400027130 |t BK |y 0 | ||
| 901 | |a BIBL4-2007-1 | ||
| 901 | |a BIBL1-2007-2 | ||
| 909 | |a Ρ |b 127555 | ||
| 909 | |a Λ |b 132680 | ||
| 920 | |a ΤΕΙ ΚΡΗΤΗΣ |b ΓΕΝΙΚΟ ΤΜΗΜΑ ΘΕΤΙΚΩΝ ΕΠΙΣΤΗΜΩΝ |y Ρόδος |z 2007-01 | ||
| 970 | |a ΜΙΣΣΟΣ |b ΣΤΑΥΡΟΣ |z 2007/01/19 | ||